Регионална библиотека "Любен Каравелов" - Русе

Големите и малките реки (Запис номер 381811)

MARC детайли
000 -Лидер
Контролно поле с фиксирана дължина 01461nam a2200301 a 4500
003 - Код на организацията, давaща контролен номер
Контролно поле BLK
005 - Дата и час на последна редакция
Контролно поле 20240313155318.0
008 - Елементи от данни с фиксирана дължина
fixed length control field 200812b bul|||||r ||||||| ||bul||
020 ## - Международен стандартен номер на книга ISBN
Международен стандартен номер на книга ISBN 9786190106043
040 ## - Източник на каталожния запис
Идентификатор на билиотеката - собственик на записа BLK
041 ## - Код за език
Код за езика на текст/звукозапис или на отделно заглавие Български
Код за езика КДБФ Български
080 ## - УДК
Текстов определител УДК Българска литература
УДК код - определител по УДК 821.163.2
УДК определител -32
УДК - код + определител 821.163.2-32
100 1# - Редна дума - Автор
Автор Калудов, Любомир Петков
Дати, свързани с автора 1953-
Автор - информация (биография) Лекар-хирург, писател и поет. Фотограф. Автор на археоложки проучвания.
R(LIN) 75457
139 ## - Редно поле
Редна дума Калудов, Любомир
Авторски знак Кало - К 18
245 10 - Сведения за заглавието
Заглавие Големите и малките реки
Подзаглавни данни Истории от едно изчезнало село
Редно поле (дума) Любомир Калудов.
257 ## - Страна на издаване
Страна на създаване/издаване България
260 ## - Област на издателските данни
Място на издаване, разпространение и проч. София
Име на издателя, разпространителя и проч. Изток-Запад
Година на издаване 2020
9 (RLIN) 210881
300 ## - Физическа характеристика
Страници 128 с.
Размери/Мащаб 20 см
380 ## - Жанр
Жанр Худож. лит.
500 ## - Общи забележки
Забележка Стари и диалектни думи в книгата: с. 123-126. - Биогр. данни за авт. отбелязани на гърба на кор.
600 14 - Име на лице, използвано като предмет
За него / За нея Калудов, Любомир Петков
Свързани дати 1953-
Друга информация Лекар-хирург, писател и поет. Фотограф. Автор на археоложки проучвания.
9 (RLIN) 75457
852 ## - Местоположение
Форматна сигнатура Цб 305816
Фондова буква Хранилище
999 ## - СИСТЕМНИ КОНТРОЛНИ НОМЕРА
Koha biblionumber 381811
Koha biblioitemnumber 381811
942 ## - АРТИКУЛИ
Вид на библиотечния материал Книги
Скрит в OPAC Не
Периодичен библиозапис Да
Koha issues (borrowed), all copies 9
944 ## - СЪЗДАВАНЕ И РЕДАКЦИЯ на ЗАПИСА
Създаване/Редакция Създаване
Дата на регистрацията/редакция 2020-08-12
Служител, извършил регистрацията/редакцията 30560
Статус, дата на статуса Геновева Генчева
944 ## - СЪЗДАВАНЕ И РЕДАКЦИЯ на ЗАПИСА
Създаване/Редакция Редакция
Дата на регистрацията/редакция 2021-02-24
Служител, извършил регистрацията/редакцията СТ
999 ## - СИСТЕМНИ КОНТРОЛНИ НОМЕРА
Koha biblioitemnumber 381811
999 ## - СИСТЕМНИ КОНТРОЛНИ НОМЕРА
Koha biblioitemnumber 381811
Наличности
Код за отписване Код за изгубен артикул Източник на класификационната схема Код за повреда Коз за рестрикции Код за отдаване Артикулен № Име на библиотеката - собственик Име на библиотеката, в която се намира в момента Статус (Текущо местоположение) Дата на вписване в системата Местоположение - отдел Цена в лева Систематично азбучна сигнатура Баркод Цена в евро Служебен тип на артикула
  Не е изгубен Universal Decimal Classification Не е повреден без рестрикции заемане за дома 799370 Регионална библиотека "Любен Каравелов" Русе Регионална библиотека "Любен Каравелов" Русе Заемна - подръчен фонд 2020-09-17 Заемна - подръчен фонд 8.40 821.163.2-32/К 18 Л 120000846612 4.29 Книги
  Не е изгубен Universal Decimal Classification Не е повреден само за читалня ползва се в читалня 813267 Регионална библиотека "Любен Каравелов" Русе Регионална библиотека "Любен Каравелов" Русе Хранилище 2021-02-24 Хранилище 12.00 Цб 305816 120000850896 6.14 Книги
Vip Innovations Ltd, Rousse, Bulgaria 2025